01029nam a2200265Ia 4500001000700000003000500007008004100012010001100053020004700064040000900111082001600120240006900136245012500205260007200330300002900402440007700431500004700508503001700555504003800572650002900610650004500639650002900684700002600713700002400739Z_6401CHAP220113s9999 xx 000 0 und d a169657 a0-8493-1430-5 (encuadernado en pasta dura) cCHAP a633.304 G46 aGenetic resources, chromosome engineering, and crop improvement. aGenetic resources, chromosome engineering, and crop improvement. Grain legumes /ceditor Ram J. Singh y Prem P. Jauhar. aEstados Unidos de América :bCRC Press / Taylor & Francis,c  a376 p. (algunas a color) a(Genetic resources, chromosome engineering, and crop improvement series) aLa biblioteca solo cuenta con el volumen 1 aej.1: 263950 aIncluye bibliografía e índice aLeguminosas xx Cultivo aLeguminosas xx Ingeniería genética aMejoramiento de cultivos a Jauhar, Prem P., ed. aSingh, Ram J., ed.